Názvosloví anorganické chemie

Enregistré dans:
Détails bibliographiques
Format: Livre
Langue:tchèque
Publié: Praha Academia 1987
Édition:1. vyd.
Sujets:
Accès en ligne:Voir à l'OPAC
Tags: Ajouter un tag
Pas de tags, Soyez le premier à ajouter un tag!

MARC

LEADER 00000nam a2200000 a 4500
005 20260127133958.0
008 060510s1987 xo cze d
020 |c 30.00 
035 |a vtls008708921 
035 |a POKPOH4409 
039 9 |a 201609301104  |b mschk03  |c 201609301055  |d mschk03  |y 200605291111  |z VLOAD 
040 |a POKPOH  |b slo  |c POKPOH  |d STUSCHK1 
041 0 |a cze 
245 |a Názvosloví anorganické chemie 
250 |a 1. vyd. 
260 |a Praha  |b Academia  |c 1987 
300 |a 183 s. viaz. 
650 0 7 |a anorganická chémia  |2 POKPOH 
650 0 7 |a názvoslovie  |2 POKPOH 
910 |a pokpoh 
910 |a SCHK95 
999 |c 1389  |d 1389 
942 0 0 |0 7